[Event "Titled Tue 1st Jul Early"]
[Site "chess.com INT"]
[Date "2025.07.01"]
[Round "3"]
[White "Kravtsiv, Martyn"]
[Black "Akshat Sureka"]
[Result "1-0"]
[WhiteTitle "GM"]
[BlackTitle "FM"]
[WhiteElo "2598"]
[BlackElo "2339"]
[WhiteFideId "14113147"]
[BlackFideId "25774492"]
[EventDate "2025.07.01"]

1. e4 c5 2. Nc3 Nc6 3. Bb5 Nd4 4. Nf3 Nxb5 5. Nxb5 a6 6. Nc3 e6 7. O-O b5 8. d4
cxd4 9. Qxd4 Bb7 10. a4 b4 11. Nd5 exd5 12. exd5 Qa5 13. Re1+ Kd8 14. Ng5 Qxd5
15. Qb6+ 1-0

[Event "Titled Tue 1st Jul Early"]
[Site "chess.com INT"]
[Date "2025.07.01"]
[Round "3"]
[White "Yatskar, Martin"]
[Black "Moroni, Luca Jr"]
[Result "0-1"]
[WhiteTitle "CM"]
[BlackTitle "GM"]
[WhiteElo "2225"]
[BlackElo "2549"]
[WhiteFideId "34109676"]
[BlackFideId "865834"]
[EventDate "2025.07.01"]

1. d4 g6 2. c4 Bg7 3. Nf3 d6 4. g3 Nc6 5. Bg2 Bd7 6. O-O Qc8 7. Re1 Bh3 8. Bh1
h5 9. Bg5 h4 10. Nc3 hxg3 11. hxg3 Nf6 12. d5 Ne5 13. Nxe5 dxe5 14. c5 Rh5 15.
Qd2 Bf1 16. Kxf1 Rxh1+ 17. Kg2 Qh3+ 18. Kf3 Qh5+ 19. Kg2 Rh2+ 20. Kg1 Qh3 0-1

[Event "Titled Tue 1st Jul Early"]
[Site "chess.com INT"]
[Date "2025.07.01"]
[Round "3"]
[White "Nepomniachtchi, Ian"]
[Black "Shukhman, Anna"]
[Result "1-0"]
[WhiteTitle "GM"]
[BlackTitle "WGM"]
[WhiteElo "2742"]
[BlackElo "2416"]
[WhiteFideId "4168119"]
[BlackFideId "54180058"]
[EventDate "2025.07.01"]

1. e4 c5 2. Nf3 d6 3. d4 cxd4 4. Nxd4 Nf6 5. Bc4 Nc6 6. Nc3 Qb6 7. Nb3 e6 8. Be3
Qd8 9. g4 Nxe4 10. Nxe4 d5 11. Bd3 dxe4 12. Bxe4 Qf6 13. c3 e5 14. g5 Qe6 15.
Qf3 Bd7 16. O-O-O O-O-O 17. Rxd7 Rxd7 18. Bf5 Qe8 19. Rd1 Nb8 20. Na5 Kd8 21.
Rxd7+ Nxd7 22. Qxb7 1-0

[Event "Titled Tue 1st Jul Early"]
[Site "chess.com INT"]
[Date "2025.07.01"]
[Round "3"]
[White "Krasteva, Beloslava"]
[Black "Andrade, Ivan"]
[Result "1-0"]
[WhiteTitle "FM"]
[BlackTitle "FM"]
[WhiteElo "2323"]
[BlackElo "2136"]
[WhiteFideId "2922029"]
[BlackFideId "14800039"]
[EventDate "2025.07.01"]

1. d4 Nf6 2. c4 e6 3. Nc3 Bb4 4. f3 d5 5. a3 Bxc3+ 6. bxc3 c5 7. cxd5 Nxd5 8.
dxc5 Nxc3 9. Qxd8+ Kxd8 10. Bb2 Na4 11. Bxg7 Rg8 12. Bf6+ Ke8 13. Rc1 Bd7 14. e4
Na6 15. Bxa6 bxa6 16. c6 Bc8 17. Rd1 1-0

[Event "Titled Tue 1st Jul Early"]
[Site "chess.com INT"]
[Date "2025.07.01"]
[Round "3"]
[White "Light, Bjarne"]
[Black "Akshit, Kumar J"]
[Result "1-0"]
[WhiteTitle "CM"]
[BlackTitle "CM"]
[WhiteElo "2227"]
[BlackElo "2074"]
[WhiteFideId "1401360"]
[BlackFideId "25097431"]
[EventDate "2025.07.01"]

1. c4 c5 2. g3 g6 3. Bg2 Bg7 4. Nc3 Nc6 5. d3 e6 6. e4 Nge7 7. Nge2 O-O 8. O-O
Nd4 9. Nxd4 cxd4 10. Ne2 Rb8 11. Bf4 e5 12. Bg5 b5 13. b3 f6 14. Bd2 Nc6 15. f4
Bh6 16. Qc2 Qe7 17. cxb5 Rxb5 18. Qc4+ 1-0

[Event "Titled Tue 1st Jul Early"]
[Site "chess.com INT"]
[Date "2025.07.01"]
[Round "3"]
[White "Perez Cruz, Adianet"]
[Black "Pasti, Aron"]
[Result "1-0"]
[WhiteTitle "WFM"]
[BlackTitle "IM"]
[WhiteElo "1984"]
[BlackElo "2376"]
[WhiteFideId "3510115"]
[BlackFideId "785857"]
[EventDate "2025.07.01"]

1. d4 Nf6 2. Bg5 e6 3. Bxf6 Qxf6 4. e3 d5 5. c4 Bb4+ 6. Nc3 c5 7. Nf3 Nc6 8.
cxd5 exd5 9. Bb5 Bg4 10. O-O Bxf3 11. Qxf3 Qxf3 12. gxf3 O-O-O 13. Bxc6 bxc6 14.
Rfc1 cxd4 15. exd4 Kb7 16. a3 Bd6 17. b4 Rhe8 18. b5 c5 19. dxc5 Bxc5 20. Rd1
Re2 21. Nxe2 1-0

[Event "Titled Tue 1st Jul Early"]
[Site "chess.com INT"]
[Date "2025.07.01"]
[Round "3"]
[White "Lu, Xiahan (Luna)"]
[Black "Predein, Vladimir"]
[Result "0-1"]
[WhiteTitle "WCM"]
[BlackTitle "IM"]
[WhiteElo "1896"]
[BlackElo "2373"]
[WhiteFideId "4317076"]
[BlackFideId "4117786"]
[EventDate "2025.07.01"]

1. e4 c5 2. Nf3 d6 3. d4 cxd4 4. Nxd4 Nf6 5. Nc3 g6 6. f3 Bg7 7. Be3 O-O 8. Qd2
Nc6 9. O-O-O d5 10. exd5 Nxd5 11. Nxd5 Qxd5 12. Nxc6 Qxc6 13. Bd3 Be6 14. Kb1 a5
15. h4 a4 16. a3 Rfd8 17. Qb4 Qd5 18. b3 axb3 19. cxb3 Qe5 20. Qd2 Rxa3 21. Rc1
Bxb3 22. Qc3 Ba2+ 23. Kb2 Rxc3 24. Rxc3 Qxc3+ 25. Kxa2 Qb2# 0-1

[Event "Titled Tue 1st Jul Early"]
[Site "chess.com INT"]
[Date "2025.07.01"]
[Round "3"]
[White "Storey, Charles H"]
[Black "Ebrahimi Herab, Hamidreza"]
[Result "0-1"]
[WhiteTitle "FM"]
[BlackTitle "FM"]
[WhiteElo "2102"]
[BlackElo "2404"]
[WhiteFideId "406686"]
[BlackFideId "22512888"]
[EventDate "2025.07.01"]

1. e4 c5 2. Nf3 e6 3. d4 cxd4 4. Nxd4 Nf6 5. Nc3 Nc6 6. Nxc6 bxc6 7. e5 Nd5 8.
Ne4 Qc7 9. f4 Qb6 10. Qf3 Bb7 11. Bd3 c5 12. c4 f5 13. exf6 Nxf6 14. Nxf6+ gxf6
15. Qh5+ Kd8 16. O-O Rg8 17. Rf2 Qc6 18. Bf1 Kc7 19. a3 Bd6 20. Bd2 Raf8 21. b4
Rg6 22. b5 Qe4 23. Re1 Qd4 24. Be3 Qc3 25. a4 Qxe1 0-1

[Event "Titled Tue 1st Jul Early"]
[Site "chess.com INT"]
[Date "2025.07.01"]
[Round "3"]
[White "Maghsoodloo, Parham"]
[Black "Domin, Yan"]
[Result "1-0"]
[WhiteTitle "GM"]
[BlackTitle "FM"]
[WhiteElo "2695"]
[BlackElo "2222"]
[WhiteFideId "12539929"]
[BlackFideId "34169342"]
[EventDate "2025.07.01"]

1. d4 Nf6 2. c4 d6 3. Nf3 g6 4. b3 Bg7 5. Bb2 O-O 6. g3 c5 7. Bg2 Bf5 8. O-O Qc8
9. Re1 Nc6 10. Nc3 Ne4 11. Nd5 Bh3 12. Bh1 Bg4 13. Qc2 Bf5 14. g4 Nxf2 15. gxf5
Nxh1 16. dxc5 Bxb2 17. Qxb2 dxc5 18. f6 1-0

[Event "Titled Tue 1st Jul Early"]
[Site "chess.com INT"]
[Date "2025.07.01"]
[Round "3"]
[White "Subramanian, Anusha"]
[Black "Fedorov, Artem Alek"]
[Result "0-1"]
[WhiteTitle "WFM"]
[BlackTitle "CM"]
[WhiteElo "2045"]
[BlackElo "2157"]
[WhiteFideId "477710"]
[BlackFideId "34418431"]
[EventDate "2025.07.01"]

1. e4 c5 2. Nf3 e6 3. d4 cxd4 4. Nxd4 Nf6 5. f3 d5 6. Bb5+ Bd7 7. Bxd7+ Qxd7 8.
e5 Ng8 9. Be3 Nc6 10. Nc3 Nxe5 11. f4 Nc4 12. Bf2 Nxb2 13. Qc1 Nc4 14. O-O Nf6
15. f5 e5 16. Nb3 Bb4 17. Ne2 O-O 18. Qg5 h6 19. Qg4 Nxg4 20. Bc5 Bxc5+ 21. Nxc5
Qc7 22. Nd3 e4 23. Ndf4 Qb6+ 24. Kh1 Nf2+ 25. Rxf2 Qxf2 26. a4 Rfc8 27. Rd1 Ne3
28. Rg1 Rxc2 29. g4 Qf3+ 30. Ng2 Rxe2 31. g5 Rxg2 32. Rxg2 Qf1+ 33. Rg1 Qf3+ 34.
Rg2 hxg5 35. f6 gxf6 36. h4 Kg7 37. a5 Qxg2# 0-1

[Event "Titled Tue 1st Jul Early"]
[Site "chess.com INT"]
[Date "2025.07.01"]
[Round "3"]
[White "Storn, Justin"]
[Black "Andreev, Konstantin"]
[Result "0-1"]
[BlackTitle "FM"]
[WhiteElo "2118"]
[BlackElo "2208"]
[WhiteFideId "30922720"]
[BlackFideId "24239305"]
[EventDate "2025.07.01"]

1. e4 c5 2. Nc3 e6 3. f4 Nc6 4. Nf3 a6 5. a4 d5 6. d3 g6 7. Be2 Bg7 8. O-O Nge7
9. Kh1 O-O 10. f5 exf5 11. Bg5 fxe4 12. dxe4 dxe4 13. Nxe4 Qxd1 14. Raxd1 b6 15.
c3 Bf5 16. Nd6 Be6 17. Rfe1 h6 18. Bxe7 Nxe7 19. Bc4 Bxc4 20. Nxc4 Nc8 21. Rd7
b5 22. Na5 Nb6 23. Rc7 Nxa4 24. Ree7 Bf6 25. Red7 Rad8 26. Nc6 Rxd7 27. Rxd7
Nxb2 28. Nfe5 Nc4 29. Nxc4 bxc4 30. Na5 Rd8 31. Rxd8+ Bxd8 32. Nxc4 Bf6 0-1

[Event "Titled Tue 1st Jul Early"]
[Site "chess.com INT"]
[Date "2025.07.01"]
[Round "3"]
[White "Vasilenok, Anton"]
[Black "Newansa, M Esandi"]
[Result "1-0"]
[WhiteTitle "CM"]
[BlackTitle "WFM"]
[WhiteElo "2137"]
[BlackElo "1905"]
[WhiteFideId "34133124"]
[BlackFideId "9999060"]
[EventDate "2025.07.01"]

1. e4 c6 2. d4 d5 3. e5 Bf5 4. h4 h5 5. Bd3 Bxd3 6. Qxd3 e6 7. Bg5 Qa5+ 8. Nd2
Qa6 9. c4 Ne7 10. Ne2 Nf5 11. Ng3 Nxg3 12. fxg3 Bb4 13. b3 Nd7 14. O-O c5 15.
Qf3 O-O 16. a3 Bxd2 17. Bxd2 cxd4 18. cxd5 Nxe5 19. Qxh5 Ng6 20. Bb4 Rfd8 21.
Rxf7 Kxf7 22. Rf1+ Kg8 23. Qxg6 exd5 24. Qf7+ Kh8 25. Rf5 g6 26. Rf6 Rd7 27.
Qxg6 Qe2 28. Qh6+ Kg8 29. Rg6+ Kf7 30. Qg7+ Ke8 31. Qf8# 1-0

[Event "Titled Tue 1st Jul Early"]
[Site "chess.com INT"]
[Date "2025.07.01"]
[Round "3"]
[White "Babayeva, Nasrin"]
[Black "Anakok, Deniz"]
[Result "1-0"]
[WhiteTitle "WFM"]
[BlackTitle "CM"]
[WhiteElo "1936"]
[BlackElo "2129"]
[WhiteFideId "13416626"]
[BlackFideId "51603586"]
[EventDate "2025.07.01"]

1. c4 Nf6 2. g3 e6 3. Bg2 d5 4. Nf3 dxc4 5. O-O Nc6 6. Na3 Bxa3 7. bxa3 a6 8.
Qc2 Qd5 9. Bb2 Qc5 10. d3 Na5 11. Ne5 c6 12. d4 Qb5 13. a4 Qb4 14. Bc3 Qa3 15.
Bxa5 1-0

[Event "Titled Tue 1st Jul Early"]
[Site "chess.com INT"]
[Date "2025.07.01"]
[Round "3"]
[White "Manukian, Artak"]
[Black "Winkels, Marcel"]
[Result "1-0"]
[BlackTitle "CM"]
[WhiteElo "2104"]
[BlackElo "1905"]
[WhiteFideId "13301373"]
[BlackFideId "1003887"]
[EventDate "2025.07.01"]

1. e4 c5 2. Nf3 d6 3. Bb5+ Nd7 4. O-O a6 5. Bd3 Ngf6 6. c3 e6 7. Bc2 Be7 8. d4
cxd4 9. cxd4 Qc7 10. Nc3 b5 11. e5 dxe5 12. dxe5 Nxe5 13. Bf4 Nxf3+ 14. Qxf3 Qb7
15. Ne4 Nd5 16. Nd6+ Bxd6 17. Bxd6 Bd7 18. Be4 Bc6 19. Rac1 Rc8 20. Qg3 g6 21.
Qe5 Rg8 22. Rfe1 Kd7 23. Bc5 Rge8 24. Qd6# 1-0

[Event "Titled Tue 1st Jul Early"]
[Site "chess.com INT"]
[Date "2025.07.01"]
[Round "3"]
[White "Castillo Pena, Patricia Evarista"]
[Black "Zaksaite, Salomeja"]
[Result "1-0"]
[WhiteTitle "WFM"]
[BlackTitle "WGM"]
[WhiteElo "1909"]
[BlackElo "2133"]
[WhiteFideId "6412106"]
[BlackFideId "12801496"]
[EventDate "2025.07.01"]

1. d4 Nf6 2. Nf3 g6 3. Nc3 d5 4. Bf4 Bg7 5. e3 O-O 6. h4 a6 7. Ne5 b5 8. h5 Nxh5
9. Rxh5 gxh5 10. Qxh5 f6 11. Bd3 f5 12. Bh6 Bxh6 13. Qxh6 Rf6 14. Qg5+ Kh8 15.
O-O-O Be6 16. Rh1 Qg8 17. Qh5 Nd7 18. g4 Nxe5 19. dxe5 Bf7 20. Qh2 Re6 21. Bxf5 1-0

[Event "Titled Tue 1st Jul Early"]
[Site "chess.com INT"]
[Date "2025.07.01"]
[Round "3"]
[White "Daulet, Alikhan"]
[Black "Perez Rojas, Jorge"]
[Result "1-0"]
[WhiteTitle "CM"]
[BlackTitle "FM"]
[WhiteElo "2075"]
[BlackElo "2100"]
[WhiteFideId "13741632"]
[BlackFideId "3452093"]
[EventDate "2025.07.01"]

1. d4 d5 2. c4 e6 3. Nc3 c6 4. e4 dxe4 5. Nxe4 Bb4+ 6. Bd2 Qxd4 7. Bxb4 Qxe4+ 8.
Be2 Na6 9. Bc3 f6 10. Qd6 Bd7 11. O-O-O O-O-O 12. Qg3 Qg6 13. Bd3 Qxg3 14. hxg3
h6 15. f4 Ne7 16. Nf3 Rhe8 17. Rhe1 Nf5 18. g4 Ne7 19. g5 hxg5 20. fxg5 Rf8 21.
gxf6 gxf6 22. g4 e5 23. g5 fxg5 24. Nxg5 Nc5 25. Bc2 e4 26. b4 Nd3+ 27. Bxd3
exd3 28. Rxe7 Bg4 29. Rg1 Rf4 30. Re4 Rdf8 31. Rxg4 1-0

[Event "Titled Tue 1st Jul Early"]
[Site "chess.com INT"]
[Date "2025.07.01"]
[Round "3"]
[White "Rabin, Evan"]
[Black "Wartiovaara, Oliver"]
[Result "0-1"]
[BlackTitle "FM"]
[WhiteElo "1945"]
[BlackElo "2322"]
[WhiteFideId "2028670"]
[BlackFideId "513024"]
[EventDate "2025.07.01"]

1. e4 c6 2. d4 d5 3. Nd2 dxe4 4. Nxe4 Bf5 5. Ng3 Bg6 6. Nf3 e6 7. h4 h6 8. Ne5
Bh7 9. Qh5 Qc7 10. Bc4 Nf6 11. Qe2 Nd5 12. c3 Nd7 13. Nxd7 Qxd7 14. Ne4 Be7 15.
Qg4 O-O-O 16. Qe2 Rhe8 17. Bd2 Bf8 18. O-O-O e5 19. Nc5 Bxc5 20. dxc5 Qf5 0-1

[Event "Titled Tue 1st Jul Early"]
[Site "chess.com INT"]
[Date "2025.07.01"]
[Round "3"]
[White "Jahnz, Laurin"]
[Black "Mohan, Dave"]
[Result "0-1"]
[WhiteTitle "CM"]
[WhiteElo "2216"]
[BlackElo "2018"]
[WhiteFideId "16261089"]
[BlackFideId "30909775"]
[EventDate "2025.07.01"]

1. e4 c6 2. Nf3 d5 3. Nc3 a6 4. e5 Bg4 5. d4 e6 6. h3 Bxf3 7. Qxf3 c5 8. Be3 Nc6
9. O-O-O cxd4 10. Bxd4 Nxd4 11. Rxd4 Ne7 12. Bd3 Nc6 13. Rf4 Nxe5 14. Qe2 Nxd3+
15. Qxd3 Qg5 16. Qd2 Bd6 17. Rg4 Qxd2+ 18. Kxd2 h5 19. Rd4 Rc8 20. f4 g6 21. Re1
Kd7 22. a3 b5 23. Re2 Rc4 24. Rxc4 bxc4 25. Ke3 Bc5+ 26. Kf3 Rb8 27. Na4 Bd6 28.
g4 hxg4+ 29. hxg4 Rh8 30. f5 gxf5 31. gxf5 Rh3+ 32. Kg4 Rg3+ 33. Kh4 exf5 34.
Rd2 Rg4+ 35. Kh3 Kc6 36. b3 c3 37. Rd3 d4 38. Rf3 Rf4 39. Rxf4 Bxf4 40. Kg2 d3
41. Nxc3 dxc2 0-1

[Event "Titled Tue 1st Jul Early"]
[Site "chess.com INT"]
[Date "2025.07.01"]
[Round "3"]
[White "Dogan, Umut Anil"]
[Black "Zilleruelo Irizarry, Diego"]
[Result "1-0"]
[WhiteTitle "CM"]
[BlackTitle "CM"]
[WhiteElo "2059"]
[BlackElo "2085"]
[WhiteFideId "51618060"]
[BlackFideId "3101460"]
[EventDate "2025.07.01"]

1. Nf3 d5 2. c4 e6 3. g3 Nf6 4. Bg2 Be7 5. O-O O-O 6. b3 c5 7. cxd5 exd5 8. d4
cxd4 9. Nxd4 Nc6 10. Bb2 Nxd4 11. Qxd4 Be6 12. Nc3 Qa5 13. e3 Rfd8 14. Rfd1 Rac8
15. a3 Bc5 16. Qd3 Be7 17. b4 Qb6 18. Ne2 a5 19. Bd4 Qc6 20. bxa5 Qa4 21. Bb6
Re8 22. Nd4 Bg4 23. Rdc1 Rxc1+ 24. Rxc1 Qxa3 25. Qxa3 Bxa3 26. Rc7 Bc8 27. Nb5
Bb4 28. Na7 Bf5 29. Rxb7 Ra8 30. Nc6 Bc3 31. Ne7+ 1-0

[Event "Titled Tue 1st Jul Early"]
[Site "chess.com INT"]
[Date "2025.07.01"]
[Round "3"]
[White "Mardov, Dimitar"]
[Black "Moskvin, Anatoly"]
[Result "1-0"]
[WhiteTitle "IM"]
[BlackTitle "CM"]
[WhiteElo "2506"]
[BlackElo "2192"]
[WhiteFideId "30919495"]
[BlackFideId "24199990"]
[EventDate "2025.07.01"]

1. Nf3 g6 2. g3 Bg7 3. Bg2 c5 4. O-O Nc6 5. c4 e6 6. Nc3 Nge7 7. d3 d6 8. Be3
Nd4 9. Bf4 O-O 10. Nxd4 cxd4 11. Nb5 e5 12. Bd2 a6 13. Na3 Rb8 14. b4 d5 15. Bg5
f6 16. Bd2 Be6 17. c5 Nc6 18. Nc2 f5 19. a4 b5 20. axb5 axb5 21. e3 e4 22. Nxd4
Nxd4 23. exd4 Bxd4 24. Ra6 Bf7 25. Bh6 Re8 26. dxe4 dxe4 27. Rd6 Be5 28. Rxd8
Rexd8 29. Qc1 Bd4 30. Be3 Bf6 31. Bg5 Bxg5 32. Qxg5 Bc4 33. Rc1 Rb7 1-0

[Event "Titled Tue 1st Jul Early"]
[Site "chess.com INT"]
[Date "2025.07.01"]
[Round "3"]
[White "Goltsev, Dmitry"]
[Black "Manukyan, Sargis V."]
[Result "1-0"]
[WhiteTitle "FM"]
[BlackTitle "FM"]
[WhiteElo "2182"]
[BlackElo "2253"]
[WhiteFideId "24176710"]
[BlackFideId "13303465"]
[EventDate "2025.07.01"]

1. e4 e6 2. d4 d5 3. exd5 exd5 4. Nf3 Nf6 5. c4 Bb4+ 6. Nc3 O-O 7. Be2 dxc4 8.
Bxc4 Re8+ 9. Be3 Be6 10. Bxe6 Rxe6 11. O-O Nd5 12. Qb3 Bxc3 13. bxc3 b6 14. c4
Nxe3 15. fxe3 Nc6 16. d5 Na5 17. Qd3 Rh6 18. Ne5 Qh4 19. h3 f6 20. Rf4 Qg3 21.
Raf1 fxe5 22. Rg4 e4 23. Qd4 Qxg4 24. hxg4 Re8 25. Rf4 c5 26. dxc6 Nxc6 27. Qd5+
Kh8 28. Rxe4 Rf8 29. g5 Rg6 30. Qf7 Rf6 31. gxf6 1-0

[Event "Titled Tue 1st Jul Early"]
[Site "chess.com INT"]
[Date "2025.07.01"]
[Round "3"]
[White "Materia, Marco"]
[Black "Levitan, Caleb Levi"]
[Result "1-0"]
[WhiteTitle "IM"]
[BlackTitle "FM"]
[WhiteElo "2493"]
[BlackElo "2399"]
[WhiteFideId "45150451"]
[BlackFideId "14332620"]
[EventDate "2025.07.01"]

1. c4 e6 2. Nc3 d5 3. e3 Nf6 4. b3 Be7 5. Bb2 O-O 6. Nf3 c5 7. cxd5 exd5 8. d4
cxd4 9. Nxd4 Nc6 10. Be2 Bc5 11. Nxc6 bxc6 12. O-O Bd6 13. Rc1 Qe7 14. Qc2 Bd7
15. Na4 Ne4 16. Bd3 Rfe8 17. Bxe4 Qxe4 18. Qxe4 Rxe4 19. Bd4 Be5 20. Nc5 Bxd4
21. Nxe4 Bxe3 22. fxe3 dxe4 23. Rfd1 Bg4 24. Rd4 f5 25. Rxc6 1-0

[Event "Titled Tue 1st Jul Early"]
[Site "chess.com INT"]
[Date "2025.07.01"]
[Round "3"]
[White "Javakhadze, Zurab"]
[Black "Bacus, Dharim"]
[Result "1-0"]
[WhiteTitle "IM"]
[BlackTitle "FM"]
[WhiteElo "2418"]
[BlackElo "2131"]
[WhiteFideId "13603647"]
[BlackFideId "5201527"]
[EventDate "2025.07.01"]

1. e4 e5 2. Nf3 Nc6 3. Bb5 Nf6 4. d3 Bc5 5. O-O d6 6. c3 a6 7. Ba4 b5 8. Bc2 Bg4
9. h3 Bh5 10. Nbd2 Bb6 11. Re1 O-O 12. Nf1 h6 13. Ng3 Bg6 14. Nh4 d5 15. Nxg6
fxg6 16. exd5 Nxd5 17. Ne4 Nf4 18. Be3 Bxe3 19. fxe3 Nd5 20. Qg4 g5 21. Qe6+ Kh8
22. Qxc6 g4 23. hxg4 Rb8 24. Qg6 Rb6 25. Qh5 Ne7 26. d4 1-0

[Event "Titled Tue 1st Jul Early"]
[Site "chess.com INT"]
[Date "2025.07.01"]
[Round "3"]
[White "Skarbarchuk, Tetyana"]
[Black "Grot, Blazej"]
[Result "0-1"]
[BlackTitle "CM"]
[WhiteElo "2096"]
[BlackElo "2207"]
[WhiteFideId "14184494"]
[BlackFideId "21835845"]
[EventDate "2025.07.01"]

1. Nf3 d5 2. b3 e6 3. e3 Nf6 4. Bb2 Bd6 5. c4 c6 6. Be2 Nbd7 7. O-O e5 8. d4 e4
9. Ne5 Qe7 10. cxd5 cxd5 11. Bb5 O-O 12. Bxd7 Nxd7 13. Nc3 Nxe5 14. Nxd5 Nf3+
15. gxf3 Qg5+ 16. Kh1 Qxd5 17. Rg1 exf3 18. e4 Qxe4 19. d5 f6 20. Qd2 Bh3 21.
Rge1 Bg2+ 22. Kg1 Qh4 23. Be5 Bxe5 24. Rxe5 fxe5 25. d6 Bh3 26. Qd5+ Kh8 27.
Qxe5 Qg4+ 28. Qg3 Qxg3+ 29. hxg3 Rad8 30. Rd1 Rf6 31. Kh2 Bg4 32. Kg1 Rfxd6 33.
Re1 Rd1 34. Rxd1 Rxd1+ 35. Kh2 Rf1 36. a4 Rxf2+ 37. Kg1 Ra2 38. b4 Bh3 39. g4
f2+ 40. Kh1 f1=Q# 0-1

[Event "Titled Tue 1st Jul Early"]
[Site "chess.com INT"]
[Date "2025.07.01"]
[Round "3"]
[White "Novosel, Lovro"]
[Black "Ilkhomi, Jaloliddin"]
[Result "0-1"]
[WhiteTitle "FM"]
[BlackTitle "FM"]
[WhiteElo "2338"]
[BlackElo "2315"]
[WhiteFideId "14547120"]
[BlackFideId "14700948"]
[EventDate "2025.07.01"]

1. Nf3 Nf6 2. g3 b6 3. Bg2 Bb7 4. O-O g6 5. b3 Bg7 6. Bb2 O-O 7. c4 e6 8. d3 d5
9. Nbd2 Na6 10. a3 c5 11. Qc2 Rc8 12. Ne5 Qc7 13. Ndf3 d4 14. b4 Ne8 15. b5 Nb8
16. Nc6 Nxc6 17. bxc6 Bxc6 18. a4 a5 19. Bc1 e5 20. e4 dxe3 21. Bxe3 Nd6 22.
Rab1 Nf5 23. Ng5 Bxg2 24. Kxg2 Qc6+ 25. Ne4 Nxe3+ 26. fxe3 f5 0-1

[Event "Titled Tue 1st Jul Early"]
[Site "chess.com INT"]
[Date "2025.07.01"]
[Round "3"]
[White "Antoniou, Rafail"]
[Black "Abraham, John Z"]
[Result "1-0"]
[WhiteTitle "CM"]
[WhiteElo "2134"]
[BlackElo "2108"]
[WhiteFideId "5904390"]
[BlackFideId "30987318"]
[EventDate "2025.07.01"]

1. d4 Nf6 2. Nf3 e6 3. Bg5 c5 4. e3 cxd4 5. exd4 b6 6. c3 Bb7 7. Nbd2 d6 8. Bb5+
Nbd7 9. O-O Be7 10. Qe2 a6 11. Bd3 h6 12. Bh4 Qc7 13. Bg3 O-O 14. a4 Nh5 15. Be4
Nxg3 16. hxg3 Bxe4 17. Nxe4 Nf6 18. Nxf6+ Bxf6 19. Qe4 Rac8 20. g4 d5 21. Qe3
Rfe8 22. g3 Qd6 23. Rae1 1-0

[Event "Titled Tue 1st Jul Early"]
[Site "chess.com INT"]
[Date "2025.07.01"]
[Round "3"]
[White "Alazmi, Amani"]
[Black "Garg, Priyansh"]
[Result "0-1"]
[WhiteTitle "WCM"]
[WhiteElo "1733"]
[BlackElo "2095"]
[WhiteFideId "10303553"]
[BlackFideId "30984696"]
[EventDate "2025.07.01"]

1. e4 c5 2. c3 Nf6 3. e5 Nd5 4. d4 cxd4 5. cxd4 d6 6. Nc3 Nxc3 7. bxc3 dxe5 8.
Bb5+ Bd7 9. Bxd7+ Nxd7 10. dxe5 Nxe5 11. Qa4+ Qd7 12. Qxd7+ Nxd7 13. Nf3 Rc8 14.
Bd2 g6 15. O-O Bg7 16. Rac1 O-O 17. Rfe1 e6 18. c4 Nc5 19. Bb4 Rfd8 20. Rcd1 Nd3
21. Be7 Nxe1 22. Rxd8+ Rxd8 23. Bxd8 Nxf3+ 24. gxf3 Kf8 25. Bc7 Ke7 26. Kf1 Kd7
27. Bg3 Kc6 28. Ke2 Kc5 29. Kd3 e5 30. h3 f5 31. Bh2 f4 32. Bg1 h5 33. Bh2 h4
34. Bg1 a5 35. Bh2 b6 36. a3 b5 37. cxb5 Kxb5 38. Kc3 Ka4 39. Kc4 Kxa3 40. Kb5
Kb3 41. Kxa5 Kc3 42. Kb5 Kd2 43. Kc5 Ke2 44. Bg1 Kxf3 45. Kd5 Kg2 0-1

[Event "Titled Tue 1st Jul Early"]
[Site "chess.com INT"]
[Date "2025.07.01"]
[Round "3"]
[White "Mafra, Kaiser Luiz"]
[Black "Logozar, Elijah"]
[Result "1-0"]
[WhiteTitle "CM"]
[WhiteElo "2043"]
[BlackElo "1928"]
[WhiteFideId "2106698"]
[BlackFideId "30963788"]
[EventDate "2025.07.01"]

1. e4 c5 2. d4 cxd4 3. c3 dxc3 4. Nxc3 Nc6 5. Nf3 e6 6. Bc4 Nge7 7. Bg5 h6 8.
Nb5 d5 9. exd5 hxg5 10. dxc6 Nxc6 11. Qxd8+ Kxd8 12. Nxg5 Bb4+ 13. Kf1 Ke7 14.
a3 Bd2 15. Ne4 Bf4 16. g3 Bb8 17. h4 a6 18. Nbc3 b5 19. Be2 Nd4 20. Bd3 Bb7 21.
Rh2 Nf3 22. Rg2 f5 23. Nc5 Nd2+ 24. Kg1 Bxg2 25. Kxg2 Bd6 26. Nb7 Nb3 27. Re1
Rhf8 28. Nd5+ Kf7 29. Nxd6+ Kg8 30. Rxe6 Nc5 31. Re3 Rad8 32. Ne7+ Kh7 33. Bxf5+
Kh6 34. Ne4 Nxe4 35. Rxe4 g6 36. Re6 Rd2 37. Rxg6+ Kh5 38. Bg4# 1-0

[Event "Titled Tue 1st Jul Early"]
[Site "chess.com INT"]
[Date "2025.07.01"]
[Round "3"]
[White "Gulamirian, Korun"]
[Black "Dragnev, Valentin"]
[Result "0-1"]
[WhiteTitle "CM"]
[BlackTitle "GM"]
[WhiteElo "1890"]
[BlackElo "2547"]
[WhiteFideId "4144899"]
[BlackFideId "1634852"]
[EventDate "2025.07.01"]

1. e4 e5 2. Nc3 Nf6 3. f4 exf4 4. e5 Qe7 5. Nf3 d6 6. d4 Nc6 7. Bb5 dxe5 8. dxe5
Bd7 9. O-O Nh5 10. Nd5 Qc5+ 11. Kh1 O-O-O 12. c4 Be6 13. Bxc6 bxc6 14. b4 Qxc4
15. Qd4 Qxf1+ 16. Ng1 Bxd5 17. Qd2 f3 18. Bb2 Qxg2+ 0-1